|
|
|
|
| LEADER |
00000nam a2200000 i 4500 |
| 001 |
1/13160 |
| 008 |
001120s1997 gre d |
| 020 |
|
|
|a 960-220-295-5
|
| 035 |
|
|
|l 10064509
|
| 040 |
|
|
|a GR-MY-UA
|b gre
|e aacr
|
| 041 |
0 |
|
|a gre
|
| 082 |
0 |
|
|a 780.166495
|
| 100 |
1 |
|
|a Δραγουμάνος, Πέτρος.
|
| 245 |
1 |
0 |
|a Οδηγός Ελληνικής δισκογραφίας 1950-1997 :
|b LP CD MAXI SINGLE CD SINGLE 10'' /
|c Δραγουμάνος Πέτρος
|
| 250 |
|
|
|a 4η έκδ.
|
| 260 |
|
|
|a Αθήνα :
|b Λιβάνης,
|c 1997
|
| 300 |
|
|
|a 713 σ.
|
| 650 |
0 |
0 |
|a Sound recordings
|x Catalogs.
|
| 852 |
|
|
|a INST
|b LESVOS
|e 20001120
|h 780.166495 ΔΡΑ
|p 005100028889
|q 005100028889
|t REF
|y 23
|
| 901 |
|
|
|a BIBL1-2001-2
|
| 909 |
|
|
|a Λ
|b 082279
|
| 922 |
|
|
|a 1ΕΛΗ
|b 200011
|c ΤΑΚ/ΠΤΕ
|d ΠΑΠΑΣΩΤΗΡΙΟΥ
|
| 950 |
|
|
|a 185-2000-07-07
|
| 970 |
|
|
|a ΤΖΑΦΕΡΗ
|b ΕΥΑΓΓΕΛΙΑ
|z 2001/05/
|